书目信息 |
| 题名: |
麻辣川湘
|
|
| 作者: | ;原味小厨编委会 编 | |
| 分册: | ||
| 出版信息: | 长春 吉林科学技术出版社 2015 |
|
| 页数: | 191页 | |
| 开本: | 24cm | |
| 丛书名: | ||
| 单 册: | ||
| 中图分类: | TS972.182.71 , TS972.182.64 , TS972.18 | |
| 科图分类: | ||
| 主题词: | 川菜--菜谱 , 湘菜--菜谱 | |
| 电子资源: | ||
| ISBN: | 978-7-5384-8737-4 | |
| 000 | 00807nam0 2200265 450 | |
| 001 | 2375515286 | |
| 005 | 20231129205914.58 | |
| 010 | @a978-7-5384-8737-4@dCNY29.90 | |
| 100 | @a20151027d2015 em y0chiy0120 ea | |
| 101 | 0 | @achi |
| 102 | @aCN@b220000 | |
| 105 | @aa z 000yy | |
| 200 | 1 | @a麻辣川湘@9ma la chuan xiang@b专著@f原味小厨编委会编 |
| 210 | @a长春@c吉林科学技术出版社@d2015 | |
| 215 | @a191页@c彩图@d24cm | |
| 300 | @a原味小厨168 | |
| 330 | @a本书介绍了168道川湘菜,分为清爽冷菜、美味热菜、川湘汤羹、别样主食四部分。 | |
| 606 | 0 | @a川菜@x菜谱 |
| 606 | 0 | @a湘菜@x菜谱 |
| 690 | @aTS972.182.71@v5 | |
| 690 | @aTS972.182.64@v5 | |
| 690 | @aTS972.18@v4 | |
| 711 | 02 | @a原味小厨编委会@9yuan wei xiao chu bian wei hui@4编 |
| 801 | 2 | @aCN@b58marc.cn@c20100820 |
| 905 | @aBZT@dTS972.18@e18 | |
| 麻辣川湘/原味小厨编委会编.-长春:吉林科学技术出版社,2015 |
| 191页:彩图;24cm |
| 原味小厨168 |
| ISBN 978-7-5384-8737-4:CNY29.90 |
| 本书介绍了168道川湘菜,分为清爽冷菜、美味热菜、川湘汤羹、别样主食四部分。 |
| ● |
| 相关链接 |
|
|
|
正题名:麻辣川湘
索取号:TS972.18/18
 
预约/预借
| 序号 | 登录号 | 条形码 | 馆藏地/架位号 | 状态 | 备注 |
| 1 | 2001167962 | 2001167962 | 中教(第二批第二书库)/山东中教(第二批)/2041/ [索取号:TS972.18/18] | 在馆 | |
| 2 | 2001167963 | 2001167963 | 中教(第二批第二书库)/山东中教(第二批)/2041/ [索取号:TS972.18/18] | 在馆 | |
| 3 | 2001167964 | 2001167964 | 中教(第二批第二书库)/山东中教(第二批)/2041/ [索取号:TS972.18/18] | 在馆 | |
| 4 | 2001167965 | 2001167965 | 中教(第二批第二书库)/山东中教(第二批)/2041/ [索取号:TS972.18/18] | 在馆 | |
| 5 | 2001167966 | 2001167966 | 中教(第二批第二书库)/山东中教(第二批)/2041/ [索取号:TS972.18/18] | 在馆 | |
| 6 | 2001167967 | 2001167967 | 中教(第二批第二书库)/山东中教(第二批)/2041/ [索取号:TS972.18/18] | 在馆 | |
| 7 | 2001167968 | 2001167968 | 中教(第二批第二书库)/山东中教(第二批)/2041/ [索取号:TS972.18/18] | 在馆 | |
| 8 | 2001167969 | 2001167969 | 中教(第二批第二书库)/山东中教(第二批)/2041/ [索取号:TS972.18/18] | 在馆 | |
| 9 | 2001167970 | 2001167970 | 中教(第二批第二书库)/山东中教(第二批)/2041/ [索取号:TS972.18/18] | 在馆 | |
| 10 | 2001167971 | 2001167971 | 中教(第二批第二书库)/山东中教(第二批)/2041/ [索取号:TS972.18/18] | 在馆 | |
| 11 | 2001167972 | 2001167972 | 中教(第二批第二书库)/山东中教(第二批)/2041/ [索取号:TS972.18/18] | 在馆 | |
| 12 | 2001167973 | 2001167973 | 中教(第二批第二书库)/山东中教(第二批)/2041/ [索取号:TS972.18/18] | 在馆 | |
| 13 | 2001167974 | 2001167974 | 中教(第二批第二书库)/山东中教(第二批)/2041/ [索取号:TS972.18/18] | 在馆 | |
| 14 | 2001167975 | 2001167975 | 中教(第二批第二书库)/山东中教(第二批)/2041/ [索取号:TS972.18/18] | 在馆 | |
| 15 | 2001167976 | 2001167976 | 中教(第二批第二书库)/山东中教(第二批)/2041/ [索取号:TS972.18/18] | 在馆 | |
| 16 | 2001167977 | 2001167977 | 中教(第二批第二书库)/山东中教(第二批)/2041/ [索取号:TS972.18/18] | 在馆 | |
| 17 | 2001167978 | 2001167978 | 中教(第二批第二书库)/山东中教(第二批)/2041/ [索取号:TS972.18/18] | 在馆 | |
| 18 | 2001167979 | 2001167979 | 中教(第二批第二书库)/山东中教(第二批)/2041/ [索取号:TS972.18/18] | 在馆 | |
| 19 | 2001167980 | 2001167980 | 中教(第二批第二书库)/山东中教(第二批)/2041/ [索取号:TS972.18/18] | 在馆 | |
| 20 | 2001167981 | 2001167981 | 中教(第二批第二书库)/山东中教(第二批)/2041/ [索取号:TS972.18/18] | 在馆 | |
| 21 | 2001167982 | 2001167982 | 中教(第二批第二书库)/山东中教(第二批)/2041/ [索取号:TS972.18/18] | 在馆 | |
| 22 | 2001167983 | 2001167983 | 中教(第二批第二书库)/山东中教(第二批)/2041/ [索取号:TS972.18/18] | 在馆 | |
| 23 | 2001167984 | 2001167984 | 中教(第二批第二书库)/山东中教(第二批)/2041/ [索取号:TS972.18/18] | 在馆 | |
| 24 | 2001167985 | 2001167985 | 中教(第二批第二书库)/山东中教(第二批)/2041/ [索取号:TS972.18/18] | 在馆 | |
| 25 | 2001167986 | 2001167986 | 中教(第二批第二书库)/山东中教(第二批)/2041/ [索取号:TS972.18/18] | 在馆 | |
| 26 | 2001167987 | 2001167987 | 中教(第二批第二书库)/山东中教(第二批)/2041/ [索取号:TS972.18/18] | 在馆 | |
| 27 | 2001167988 | 2001167988 | 中教(第二批第二书库)/山东中教(第二批)/2041/ [索取号:TS972.18/18] | 在馆 | |
| 28 | 2001167989 | 2001167989 | 中教(第二批第二书库)/山东中教(第二批)/2041/ [索取号:TS972.18/18] | 在馆 | |
| 29 | 2001167990 | 2001167990 | 中教(第二批第二书库)/山东中教(第二批)/2041/ [索取号:TS972.18/18] | 在馆 | |
| 30 | 2001167991 | 2001167991 | 中教(第二批第二书库)/山东中教(第二批)/2041/ [索取号:TS972.18/18] | 在馆 |